[Event "Letojanni op 2nd"]
[Site "Letojanni"]
[Date "2002.12.28"]
[Round "8"]
[White "Messina, Elia"]
[Black "Chilingirova, Pavlina"]
[Result "1-0"]
[WhiteElo "2147"]
[BlackElo "2216"]
[PlyCount "131"]
[EventDate "2002.12.21"]
[EventType "swiss"]
[EventRounds "9"]
[EventCountry "ITA"]
[SourceTitle "EXT 2007"]
[Source "ChessBase"]
[SourceDate "2006.11.23"]
[SourceVersion "1"]
[SourceVersionDate "2006.11.23"]
[SourceQuality "1"]

1. e4 c5 2. Nf3 d6 3. d4 cxd4 4. Nxd4 Nf6 5. Nc3 a6 6. a4 Nc6 7. Be2 e6 8. Be3 Be7 9. 0-0 Qc7 10. Kh1 0-0 11. f4 Nxd4 12. Bxd4 e5 13. Be3 exf4 14. Bxf4 Be6 15. Qe1 Nd7 16. Qg3 Ne5 17. Rad1 Rad8 18. h3 Rfe8 19. Bd3 Bf8 20. Bg5 Rc8 21. Bf6 g6 22. Qh4 Nd7 23. Bd4 Ne5 24. Be3 Bg7 25. Bh6 Qe7 26. Bg5 Qf8 27. Qg3 Nd7 28. Qe3 Be5 29. Bh6 Qe7 30. Bg5 f6 31. Bf4 Bxf4 32. Qxf4 Kg7 33. Ne2 Nc5 34. b3 Nxd3 35. Rxd3 Rxc2 36. Nd4 Rc7 37. Nxe6+ Qxe6 38. Rxd6 Qe5 39. Rxf6 Qxf4 40. R6xf4 Rd8 41. R4f3 Rd2 42. R1f2 Rc1+ 43. Kh2 Rd7 44. Re2 h5 45. h4 Re7 46. Rd3 Rf1 47. Kg3 Rff7 48. e5 Rf5 49. Re4 Kh6 50. e6 Kg7 51. Rd6 Kf6 52. Rb6 Re5 53. Rf4+ Rf5 54. Rfb4 Rxe6 55. Rxe6+ Kxe6 56. Rxb7 Rd5 57. Rb6+ Kf5 58. Kh2 Rd3 59. b4 Rb3 60. b5 a5 61. Ra6 Rb4 62. Rxa5 Rxh4+ 63. Kg1 Rb4 64. b6+ Kg4 65. Rb5 Rxa4 66. b7 1-0

[Event "Letojanni op 2nd"]
[Site "Letojanni"]
[Date "2002.12.27"]
[Round "7"]
[White "Ortega, Lexy"]
[Black "Messina, Elia"]
[Result "1-0"]
[WhiteElo "2452"]
[BlackElo "2147"]
[PlyCount "49"]
[EventDate "2002.12.21"]
[EventType "swiss"]
[EventRounds "9"]
[EventCountry "ITA"]
[SourceTitle "EXT 2007"]
[Source "ChessBase"]
[SourceDate "2006.11.23"]
[SourceVersion "1"]
[SourceVersionDate "2006.11.23"]
[SourceQuality "1"]

1. d4 d5 2. Nf3 e6 3. c4 c6 4. Qc2 Nf6 5. Bg5 Be7 6. Nbd2 Nbd7 7. e3 h6 8. Bh4 0-0 9. Be2 Re8 10. 0-0 a5 11. Bg3 Bb4 12. a3 Bxd2 13. Nxd2 e5 14. cxd5 Nxd5 15. Nc4 exd4 16. e4 N5b6 17. Nd6 Rf8 18. Rad1 Qf6 19. Nf5 Ne5 20. Nxd4 Be6 21. f4 Ng4 22. e5 Qe7 23. Nxe6 Qxe6 24. f5 Ne3 25. Qd3 1-0

[Event "Letojanni op 2nd"]
[Site "Letojanni"]
[Date "2002.12.24"]
[Round "5"]
[White "Messina, Elia"]
[Black "Rotstein, Arkadij"]
[Result "0-1"]
[WhiteElo "2147"]
[BlackElo "2544"]
[PlyCount "52"]
[EventDate "2002.12.21"]
[EventType "swiss"]
[EventRounds "9"]
[EventCountry "ITA"]
[SourceTitle "EXT 2007"]
[Source "ChessBase"]
[SourceDate "2006.11.23"]
[SourceVersion "1"]
[SourceVersionDate "2006.11.23"]
[SourceQuality "1"]

1. e4 c5 2. Nf3 e6 3. d4 cxd4 4. Nxd4 a6 5. Nc3 b5 6. a3 Bb7 7. Bd3 Qb6 8. Nb3 Qc7 9. 0-0 Nf6 10. Bg5 Be7 11. Kh1 d6 12. f4 Nbd7 13. Qe1 h6 14. Bh4 0-0 15. Rd1 Rfe8 16. Bg3 Nh5 17. Be2 Nxg3+ 18. Qxg3 Bf6 19. Bxb5 axb5 20. Nxb5 Qxc2 21. Nxd6 Reb8 22. Nxf7 Bxe4 23. Na1 Qxb2 24. Nxh6+ Kh7 25. Ng4 Rxa3 26. Ne3 Rxe3 0-1

[Event "Letojanni op 1st"]
[Site "Letojanni"]
[Date "2001.12.27"]
[Round "6"]
[White "Antoniacci, Ricardo"]
[Black "Messina, Elia"]
[Result "0-1"]
[WhiteElo "1735"]
[BlackElo "1725"]
[PlyCount "46"]
[EventDate "2001.12.22"]
[EventType "swiss"]
[EventRounds "9"]
[EventCountry "ITA"]
[SourceTitle "EXT 2007"]
[Source "ChessBase"]
[SourceDate "2006.11.23"]
[SourceVersion "1"]
[SourceVersionDate "2006.11.23"]
[SourceQuality "1"]

1. e4 e5 2. Bc4 Nf6 3. d4 exd4 4. Nf3 d6 5. e5 dxe5 6. Nxe5 Be6 7. Qe2 Bxc4 8. Qxc4 Qd5 9. Qxc7 Na6 10. Qxf7+ Qxf7 11. Nxf7 Kxf7 12. 0-0 Bd6 13. Rd1 Rad8 14. Bg5 Rhe8 15. Nd2 Nb4 16. Nf3 Bc5 17. a3 Nxc2 18. Rac1 d3 19. Bf4 Ng4 20. Bg3 Re2 21. Rd2 Rxd2 22. Nxd2 Re8 23. h3 Nxf2 0-1

[Event "Letojanni op 1st"]
[Site "Letojanni"]
[Date "2001.12.24"]
[Round "3"]
[White "Messina, Elia"]
[Black "Gangemi, Salvatore"]
[Result "1-0"]
[WhiteElo "1725"]
[BlackElo "2055"]
[PlyCount "117"]
[EventDate "2001.12.22"]
[EventType "swiss"]
[EventRounds "9"]
[EventCountry "ITA"]
[SourceTitle "EXT 2007"]
[Source "ChessBase"]
[SourceDate "2006.11.23"]
[SourceVersion "1"]
[SourceVersionDate "2006.11.23"]
[SourceQuality "1"]

1. e4 e5 2. Nf3 Nc6 3. Bc4 Bc5 4. c3 Nf6 5. d4 exd4 6. e5 d5 7. exf6 dxc4 8. Qe2+ Be6 9. fxg7 Rg8 10. Ng5 Rxg7 11. Nxe6 fxe6 12. Qh5+ Rg6 13. Qxc5 Qd5 14. Qxd5 exd5 15. 0-0 0-0-0 16. Bf4 Rf8 17. Bg3 Re8 18. cxd4 Nxd4 19. Nc3 c6 20. Rad1 Ne2+ 21. Nxe2 Rxe2 22. Rfe1 Rc2 23. Be5 b5 24. Bc3 a5 25. Rc1 Rxc1 26. Rxc1 b4 27. Bd4 Kd7 28. b3 Rg4 29. Bb6 c3 30. Bxa5 c5 31. f3 Rd4 32. a3 Kc6 33. axb4 cxb4 34. Bxb4 Rxb4 35. Rxc3+ Kb5 36. Kf2 Rd4 37. Ke3 Rh4 38. Rd3 Rxh2 39. Rxd5+ Kb4 40. Rg5 Kxb3 41. f4 Kc4 42. Ke4 Rh1 43. Re5 Rg1 44. Kf3 Rf1+ 45. Kg4 Rb1 46. Kg5 Kd4 47. Re7 Rb5+ 48. f5 h6+ 49. Kf4 Rb1 50. Rd7+ Kc5 51. f6 Kc6 52. Rd2 Rf1+ 53. Ke5 h5 54. Ke6 h4 55. Rc2+ Kb5 56. f7 Rf4 57. Re2 Kc4 58. Ke7 Kd3 59. Re6 1-0